000 00999nam a2200289 a 4500
001 000014591
003 DO-SdBNP
005 20210512121033.0
008 100115s1972 dr 000 0 spa d
040 _aDO-SdBNP
_bspa
_cBNPHU
049 _a
082 _a972.93693
_bB697u
_222
245 0 0 _aBonao :
_buna ciudad dominicana /
_cEduardo Latorre... [et al.].
260 _aSantiago de los Caballeros ;
_bUniversidad Católica Madre y Maestra,
_c1972.
300 _a2 v. ;
_c19 cm.
490 1 _aEstudios
500 _aIncluye referencias bibliográficas y notas al pie de las páginas.
504 _aBibliografía : p.[405-408]
590 _aInventariado, 2021/VM
650 4 _aCiudades y pueblos
_zRepública Dominicana
651 4 _aBonao (República Dominicana)
_xHistoria Local
651 4 _aBonao (República Dominicana)
_xCondiciones sociales
651 4 _aBonao (República Dominicana)
_xVida social y costumbres
830 0 _aEstudios
910 _aVMateo
942 _2ddc
_cBK
999 _c13484
_d13484